00474nam a2200109Ia 4500008004100000050002500041100002800066245013400094260008600228300002800314521002200342140724s9999 xx 000 0 und d aLC 4031b.An597 2011 aAnicete, Kristine-Fe M. 3aAn evaluation of the social competence of students with special needs in an inclusive education school /cKristine-Fe M. Anicete. aLas Piñas, Philippines :bSouthville International School and Colleges,cc2011. a88 p. :bill. ;c28 cm. aSpecial Education